Los sistemas ecológicos y la humanidad

محفوظ في:
التفاصيل البيبلوغرافية
المؤلفون الرئيسيون: Lugo, Ariel E. (autor), Morris, Gregory L (مؤلف)
التنسيق: كتاب
اللغة:الإسبانية
منشور في: Washington, D.C OEA 1982
سلاسل:Serie de Biología. Monografía, 23
الموضوعات:
الوسوم: إضافة وسم
لا توجد وسوم, كن أول من يضع وسما على هذه التسجيلة!

MARC

LEADER 00000nam a2200000 a 4500
001 UCX1035
003 CL-VaPUC
008 900517e19820000US |||||||||||||||||spa|d
082 0 4 |a 577  |b LUG  |2 21 
100 |a Lugo, Ariel E.  |e autor  |9 316439 
700 0 |a Morris, Gregory L  |e author  |9 316440 
245 1 4 |a Los sistemas ecológicos y la humanidad 
300 |a 82 p 
942 |c BK 
945 |d 19900517 00:00:00 
260 |a Washington, D.C  |b OEA  |c 1982 
650 0 |a Ecosistemas  |9 261477 
650 0 |a Ecología   |9 258124 
583 |a last modification  |c 19900517 00:00:00  |k Rodrigo Vera 
490 0 |a Serie de Biología. Monografía, 23 
999 |c 222385  |d 222383 
952 |0 0  |1 0  |4 0  |6 577_000000000000000_LUG_1982  |7 0  |8 A  |9 217043  |a BIBCUR  |b BIBCUR  |d 2019-11-15  |i 2859734  |o 577 LUG 1982  |p 2859734  |r 2025-04-22  |w 2019-11-15  |y BK  |k BCB 
952 |0 0  |1 0  |4 0  |6 577_000000000000000_LUG_1982  |7 0  |8 A  |9 217044  |a BIBCUR  |b BIBCUR  |d 2019-11-15  |i 3195554  |o 577 LUG 1982  |p 3195554  |r 2025-04-22  |w 2019-11-15  |y BK  |k BCB